LEADER 02023nam 2200397Ia 450 001 996385986003316 005 20200824132424.0 035 $a(CKB)4940000000078740 035 $a(EEBO)2240953275 035 $a(OCoLC)ocm12735166e 035 $a(OCoLC)12735166 035 $a(EXLCZ)994940000000078740 100 $a19851029d1693 uy | 101 0 $aeng 135 $aurbn||||a|bb| 200 14$aThe second Spira$b[electronic resource] $ebeing a fearful example of an atheist who had apostatized from the Christian religion, and died in despair at Westminster, Decemb. 8, 1692 : with an account of his sickness, convictions, discourses with friends ministers, and of his dreadful expressions and blasphemies when he left the world : as also a letter from an atheist of his acquaintance, with his answer to it /$fpublish'd for an example to others, and recommended to all young persons, to settle them in their religion, by J.S. a minister of the Church of England .. 205 $aThe fourth edition$bwith a remarkable occurrence further clearing the matter of fact. 210 $aLondon $cPrinted for John Dunton ...$d1693 215 $a[14], 56 p 300 $a"Professedly based on the memoranda of J.S. (J. Sanders) 'methodized' by another. cf. Preface and Methodizer's apology. The publisher, John Dunton, considered the narrative fictitious and ascribed it to the 'methodizer,' Richard Sault. cf. John Dunton's Life and errors, 1818, v. 1, p. 154"--NUC pre-1956 imprints. 300 $aReproduction of original in the Harvard University Library. 330 $aeebo-0062 606 $aAtheism$vEarly works to 1800 615 0$aAtheism 700 $aSault$b Richard$fd. 1702.$01001260 701 $aJ. S$g(J. Sanders)$01001261 701 $aJ. S$cMinister of the Church of England.$01001262 801 0$bEAH 801 1$bEAH 801 2$bm/c 801 2$bEAA 801 2$bWaOLN 906 $aBOOK 912 $a996385986003316 996 $aThe second Spira$92298111 997 $aUNISA LEADER 00657nam a2200193 i 4500 001 991004335224207536 005 20240731121810.0 008 240731s2013 it er 001 0 ita d 020 $a9788806218508 040 $aBibl. Dip.le Aggr. Scienze Umane e Sociali$bita$cSocioculturale Scs 041 0 $aita 082 04$a858.92$223 100 1 $aScalfari, Eugenio$d<1924-2022>$01265253 245 12$aL'amore, la sfida, il destino :$bil tavolo dove si gioca il senso della vita /$cEugenio Scalfari 260 $aTorino :$bEinaudi,$c2013 300 $a134 p. ;$c23 cm 912 $a991004335224207536 996 $aAmore, la sfida, il destino$94182707 997 $aUNISALENTO